[Event "Finale CIA 2017"]
[Site "Cosenza"]
[Date "2017.11.30"]
[Round "2.2"]
[White "GARCIA PALERMO - GM - 2440, Carlos"]
[Black "GILEVYCH - FM - 2429, Artem"]
[Result "1/2-1/2"]
[LiveChessVersion "1.4.6"]
[BlackElo "2429"]
[WhiteElo "2440"]

1. Nf3 {[%clk 1:35:56]} d5 {[%clk 1:40:34]} 2. g3 {[%clk 1:36:00]} Bg4
{[%clk 1:40:37]} 3. Bg2 {[%clk 1:36:11]} Nd7 {[%clk 1:41:02]} 4. c4
{[%clk 1:35:26]} e6 {[%clk 1:39:43]} 5. cxd5 {[%clk 1:35:27]} exd5
{[%clk 1:40:06]} 6. O-O {[%clk 1:35:35]} Ngf6 {[%clk 1:39:49]} 7. h3
{[%clk 1:32:12]} Bh5 {[%clk 1:37:38]} 8. d3 {[%clk 1:32:20]} Be7 {[%clk 1:34:54]}
9. Nc3 {[%clk 1:31:23]} c6 {[%clk 1:33:49]} 10. e4 {[%clk 1:31:00]} O-O
{[%clk 1:23:34]} 11. g4 {[%clk 1:30:21]} Bg6 {[%clk 1:16:20]} 12. Nd4
{[%clk 1:22:42]} Nc5 {[%clk 1:00:19]} 13. Nf5 {[%clk 1:21:47]} Bxf5
{[%clk 0:56:59]} 14. gxf5 {[%clk 1:21:56]} dxe4 {[%clk 0:46:27]} 15. dxe4
{[%clk 1:21:17]} Nd3 {[%clk 0:46:50]} 16. Be3 {[%clk 1:07:01]} Bd6
{[%clk 0:30:29]} 17. f4 {[%clk 0:48:23]} Bc5 {[%clk 0:30:03]} 18. Bxc5
{[%clk 0:47:03]} Nxc5 {[%clk 0:30:25]} 19. e5 {[%clk 0:46:56]} Ne8
{[%clk 0:28:03]} 20. Qxd8 {[%clk 0:42:02]} Rxd8 {[%clk 0:28:29]} 21. b4
{[%clk 0:42:22]} Nd3 {[%clk 0:23:39]} 22. b5 {[%clk 0:41:25]} g5 {[%clk 0:17:50]}
23. bxc6 {[%clk 0:36:25]} bxc6 {[%clk 0:17:35]} 24. e6 {[%clk 0:18:59]} fxe6
{[%clk 0:17:15]} 25. fxe6 {[%clk 0:17:23]} Rxf4 {[%clk 0:15:35]} 26. Bxc6
{[%clk 0:17:25]} Rxf1+ {[%clk 0:06:40]} 27. Rxf1 {[%clk 0:17:47]} Nf4
{[%clk 0:06:12]} 28. Ne4 {[%clk 0:12:24]} Nxh3+ {[%clk 0:03:53]} 29. Kh2
{[%clk 0:11:43]} Nf4 {[%clk 0:03:54]} 30. e7 {[%clk 0:03:33]} Rc8
{[%clk 0:03:28]} 31. Bxe8 {[%clk 0:03:48]} Rxe8 {[%clk 0:03:48]} 32. Nf6+
{[%clk 0:04:12]} Kf7 {[%clk 0:04:13]} 33. Nxe8 {[%clk 0:04:38]} Kxe8
{[%clk 0:04:40]} 34. Re1 {[%clk 0:04:21]} Ng6 {[%clk 0:04:17]} 35. Kg3
{[%clk 0:04:32]} Nxe7 {[%clk 0:03:05]} 36. Kg4 {[%clk 0:04:17]} Kd7
{[%clk 0:03:26]} 37. Kxg5 {[%clk 0:04:25]} Nd5 {[%clk 0:03:07]} 38. Kf5
{[%clk 0:02:46]} Nc3 {[%clk 0:01:45]} 39. Ra1 {[%clk 0:00:48]} Kd6
{[%clk 0:01:49]} 40. Kf4 {[%clk 0:51:17]} h5 {[%clk 0:50:57]} 41. Ke3
{[%clk 0:50:51]} Ke5 {[%clk 0:50:39]} 42. Kd3 {[%clk 0:50:17]} Nd5
{[%clk 0:51:05]} 43. Rh1 {[%clk 0:48:10]} Nf4+ {[%clk 0:37:37]} 44. Ke3
{[%clk 0:46:00]} Nd5+ {[%clk 0:38:03]} 45. Kf3 {[%clk 0:46:10]} Kd4
{[%clk 0:35:04]} 46. Rh4+ {[%clk 0:36:36]} Kc3 {[%clk 0:31:15]} 47. Ra4
{[%clk 0:34:11]} Kb2 {[%clk 0:28:35]} 48. Rxa7 {[%clk 0:33:59]} Nc3
{[%clk 0:21:48]} 49. a4 {[%clk 0:34:05]} Ka3 {[%clk 0:22:11]} 50. a5
{[%clk 0:34:26]} Ka4 {[%clk 0:22:05]} 51. Kg2 {[%clk 0:22:45]} Nb5
{[%clk 0:09:47]} 52. Ra6 {[%clk 0:22:33]} Na3 {[%clk 0:09:41]} 53. Ra8
{[%clk 0:22:43]} Kb5 {[%clk 0:07:46]} 54. Kh3 {[%clk 0:20:58]} Nc4
{[%clk 0:06:48]} 55. a6 {[%clk 0:21:22]} Nb6 {[%clk 0:05:42]} 56. Ra7
{[%clk 0:21:43]} Na4 {[%clk 0:04:49]} 57. Kh4 {[%clk 0:21:11]} Nc5
{[%clk 0:04:33]} 58. Rb7+ {[%clk 0:21:23]} Kxa6 {[%clk 0:04:57]} 59. Rb1
{[%clk 0:21:47]} Ne4 {[%clk 0:04:44]} 60. Kxh5 {[%clk 0:37:10]} Nc3
{[%clk 0:19:52]} 61. Rb3 {[%clk 0:37:16]} Nb5 {[%clk 0:20:08]} 62. Kg4
{[%clk 0:37:40]} Kb6 {[%clk 0:20:36]} 63. Kf4 {[%clk 0:38:00]} Kc5
{[%clk 0:20:49]} 64. Ke5 {[%clk 0:38:23]} Kc4 {[%clk 0:21:00]} 65. Rb2
{[%clk 0:38:36]} Nc3 {[%clk 0:20:54]} 66. Rd2 {[%clk 0:39:00]} Nb5
{[%clk 0:20:52]} 67. Rd5 {[%clk 0:39:14]} Nc3 {[%clk 0:20:51]} 68. Rd4+
{[%clk 0:39:39]} Kc5 {[%clk 0:21:14]} 69. Rh4 {[%clk 0:39:59]} Nb5
{[%clk 0:20:26]} 70. Rh8 {[%clk 0:40:20]} Kc4 {[%clk 0:20:22]} 71. Rc8+
{[%clk 0:40:43]} Kd3 {[%clk 0:20:30]} 72. Rc3+ {[%clk 0:40:11]} Kd4+ 73. Kd5+
1/2-1/2